000 00634nam a22002177a 4500
003 BD-DhUIB
005 20210606112858.0
008 210606b ||||| |||| 00| 0 eng d
020 _a9781259097089
040 _aBD-DhUIB
_cBD-DhUIB
050 _a303.394
082 _222
100 _aHughes, Richard L.
_9656
245 _aLeadership :
_bExchancing the lessons of experience /
_cRichard L. Hughes, Robert C. Ginnett and Gordon J. Curphy.
300 _axviii,716p. :
_bill. ;
_c23 cm.
526 _aBBA.
650 _aLeadership.
_9316
700 _aGinnett, Robert C.
_9657
700 _aCurphy, Gordon J.
_9658
942 _2ddc
_cBK
999 _c302
_d302